Applied calculus for scientists and engineers: a journey in dialogues (Record no. 7537)
[ view plain ]
| 000 -LEADER | |
|---|---|
| fixed length control field | 00539 a2200157 4500 |
| 020 ## - INTERNATIONAL STANDARD BOOK NUMBER | |
| International Standard Book Number | 0763728772 |
| 040 ## - CATALOGING SOURCE | |
| Original cataloging agency | DLC |
| Language of cataloging | DLC |
| 082 ## - DEWEY DECIMAL CLASSIFICATION NUMBER | |
| Classification number | 515 |
| 100 1# - MAIN ENTRY--PERSONAL NAME | |
| Personal name | Blume, Frank. |
| 245 10 - TITLE STATEMENT | |
| Title | Applied calculus for scientists and engineers: a journey in dialogues |
| Remainder of title | a journey in dialogues |
| Statement of responsibility, etc. | Frank Blume ; with contributions from Calvin Piston. |
| 260 ## - PUBLICATION, DISTRIBUTION, ETC. | |
| Place of publication, distribution, etc. | Sudbury, Mass. : |
| Name of publisher, distributor, etc. | Jones and Bartlett Publishers, |
| Date of publication, distribution, etc. | c2005. |
| 300 ## - PHYSICAL DESCRIPTION | |
| Extent | viii, 869 p. : |
| Other physical details | ill. ; |
| Dimensions | 29 cm. |
| 650 #0 - SUBJECT ADDED ENTRY--TOPICAL TERM | |
| Topical term or geographic name entry element | Calculus. |
| 700 1# - ADDED ENTRY--PERSONAL NAME | |
| Personal name | Piston, Calvin Edward. |
| 942 ## - ADDED ENTRY ELEMENTS (KOHA) | |
| Koha item type | Book |
| Call number prefix | 515 BLU |
| Source of classification or shelving scheme | |
| Withdrawn status | Lost status | Damaged status | Not for loan | Collection code | Permanent Location | Current Location | Shelving location | Date acquired | Source of acquisition | Cost, normal purchase price | Total Checkouts | Total Renewals | Full call number | Barcode | Date last seen | Date last checked out | Price effective from | Koha item type |
|---|---|---|---|---|---|---|---|---|---|---|---|---|---|---|---|---|---|---|
| Central Library (CL) | Central Library (CL) | General Stacks | 10/05/2005 | Allied Book Company | 2303.96 | 3 | 9 | 515 BLU | SEECS006496 | 02/08/2025 | 05/06/2024 | 01/05/2017 | Book |
